Konštrukcia Slovenska ako darcu a jej mocenské dopady
Konštrukcia Slovenska ako "rozvinutej" krajiny. Potreba Slovenska stať sa darcom. Budovanie identity Slovenska ako darcu a slovenského ľudu ako ochotného pomáhať. Konštrukcia Slovenska ako "nového" darcu so špecifickou transformačnou skúsenosťou. Konštrukcia Slovenska ako egoistického, altruistickéh...
Salvato in:
| Autore principale: | |
|---|---|
| Natura: | Capitolo di libro |
| Lingua: | slovacco |
| Soggetti: | |
| Tags: |
Nessun Tag, puoi essere il primo ad aggiungerne!!
|
MARC
| LEADER | 00000naa a2200000 4500 | ||
|---|---|---|---|
| 001 | 0204799 | ||
| 005 | 20250609121727.4 | ||
| 041 | 0 | |a slo | |
| 044 | |a CZ | ||
| 245 | 1 | 0 | |a Konštrukcia Slovenska ako darcu a jej mocenské dopady |c Tomáš Imrich Profant |
| 520 | |a Konštrukcia Slovenska ako "rozvinutej" krajiny. Potreba Slovenska stať sa darcom. Budovanie identity Slovenska ako darcu a slovenského ľudu ako ochotného pomáhať. Konštrukcia Slovenska ako "nového" darcu so špecifickou transformačnou skúsenosťou. Konštrukcia Slovenska ako egoistického, altruistického a efektívneho darcu. | ||
| 610 | 2 | 0 | |a pomoc rozvojová |
| 610 | 2 | 0 | |a dary |
| 610 | 2 | 0 | |a krajiny rozvojové |
| 610 | 2 | 0 | |a identita |
| 610 | 2 | 0 | |a transformácia |
| 610 | 2 | 0 | |a spolupráca medzinárodná |
| 610 | 2 | 0 | |a politika medzinárodná |
| 610 | 2 | 0 | |a Slovensko |
| 100 | 1 | |a Profant, Tomáš Imrich, 1983- | |